| 000 | 00514nam a2200193Ia 4500 | ||
|---|---|---|---|
| 005 | 20250508154111.0 | ||
| 008 | 008 250505s9999 xx 000 0 eng d | ||
| 037 | _aTextual | ||
| 040 |
_aFEDL _beng _cFEDL |
||
| 041 |
_aeng _2eng |
||
| 084 |
_a334.9492, NAT _qFEDL |
||
| 245 | 0 | _aCo-operative movement in the Netherlands | |
| 245 | 0 | _cNationale Cooperatieve Raad | |
| 260 | _c1964 | ||
| 300 | _a115p. | ||
| 650 | _aEconomics | ||
| 942 |
_cTEXL _h334.9492, NAT |
||
| 999 |
_c1347626 _d1347626 |
||